| 000 | 00720nam a22002417a 4500 | ||
|---|---|---|---|
| 005 | 20170124110016.0 | ||
| 010 | _aA-297183 | ||
| 020 |
_a818506153 _c00.00 |
||
| 035 | _aA-297183 | ||
| 037 | _bCen Lib/Ret | ||
| 040 |
_aDPL _bEN |
||
| 082 |
_a333.72 _bGUR |
||
| 100 |
_aGuru, D. D. _918727 |
||
| 245 |
_aEnergy and economic development / _cby D. D. Guru [and] Qamar Ahsan |
||
| 260 |
_aDelhi _bAmar Prakashan _c1987 |
||
| 270 | _bDelhi | ||
| 300 |
_axi,257p. _c21cm(Hb) |
||
| 500 | _aIncludes bibliographical references and index | ||
| 650 |
_aPower resources -- India _918728 |
||
| 650 |
_aEnergy policy -- India _913504 |
||
| 700 |
_aAhsan, Qamar _918729 |
||
| 942 |
_2ddc _cEN _h333.72 _mGUR |
||
| 999 |
_c126877 _d126877 |
||